000 01720nam a2200457 i 4500
001 23916
003 KOSZ 005
005 20200317105603.0
008 971216s1988 pl f |000 0 eng
015 _aUWD 1988/5212
035 _a991003350719705066
035 _a(PL-WaBN)b1089830x-48omnis_nlop
035 _ab1089830x
035 _a(OCoLC)835033397
035 _a(PL)b0000001089830
035 _a(EXLNZ-48OMNIS_NETWORK)9910206986305606
040 _aWA N
_cWA N
_dKOSZ 005/EG
041 0 _aengpol
080 _a811.111:811.162.1'374
100 1 _aStanisławski, Jan
_d(1893-1973)
_eAutor
245 1 0 _aWielki słownik angielsko-polski z suplementem.
_n[T. 1],
_pA-N /
_cJan Stanisławski ; red. nauk. Wiktor Jassem.
246 3 1 _aGreat English-Polish dictionary supplemented
250 _a[Wyd. 10 (supl. wyd. 7)].
260 _aWarszawa :
_b"Wiedza Powszechna",
_c1988.
300 _aXVII, 692 s. ;
_c24 cm.
336 _2rdacontent
_aTekst
_btxt
337 _2rdamedia
_aBez urządzenia pośredniczącego
_bn
338 _2rdacarrier
_aWolumin
_bnc
380 _aKsiążki
388 _a1901-2000
388 _a1945-1989
500 _aTyt. równol.: The great English-Polish dictionary supplemented . - Współaut. Suplementu : Małgorzata Szercha.
655 7 _aSłownik angielsko-polski
_2DBN
658 _aJęzykoznawstwo
700 1 _aJassem, Wiktor
_d(1922-2016)
_eRedakcja
700 1 _aSzercha, Małgorzata
_d(1923- )
_eAutor
710 2 _aPaństwowe Wydawnictwo Wiedza Powszechna
_4pbl
856 _uhttp://koha.tu.koszalin.pl/cgi-bin/koha/opac-detail.pl?biblionumber=23916
_yKatalog online BPK
942 _2UKD
_cKS
999 _c23916
_d23916